Missing Word: Communicative Songs Quiz Stats

Quiz Updated Feb 12, 2016

Challenge
Share
Tweet
Embed
Score 0/18 Timer 03:00
0 Plays Today
Song Title Missing Word % Correct
I _____ Called To Say I Love You Just
95.9%
Crazy _____ Thing Called Love Little
94.5%
What Is This _____ Called Love?Thing
93.2%
_____ Distance CallLong
92.8%
I Call _____ NameYour
86.5%
Call Me _____ Maybe
85.8%
I _____ That's Why They Call It the BluesGuess
78.3%
Call _____Me
76.9%
_____ Calling London
72.2%
Song Title Missing Word % Correct
_____ Up Call Wake
71.9%
You Can Call Me _____ Al
68.3%
Call Me Big _____Mama
62.7%
Call _____ MeOn
59.2%
Calling Dr. _____Love
55.6%
Calling All _____ Angels
30.9%
_____ Called Malice Town
22.1%
Call Me the _____Breeze
12.1%
Calling _____Elvis
8.5%

Today's Daily Dose

Word Ladder
'90s Movies

Quick Pick
'Fire' Movies

On This Day
June 19th II

You're not logged in!

Compare scores with friends on all Sporcle quizzes.
Join for Free
OR
Log In

You Might Also Like...

Show Comments

Extras

Top Quizzes Today


Score Distribution

Your Account Isn't Verified!

In order to create a playlist on Sporcle, you need to verify the email address you used during registration. Go to your Sporcle Settings to finish the process.

Report this User

Report this user for behavior that violates our Community Guidelines.

Details: